Solmart: smart load sharing between photovoltaic system and grid supply with battery backup (Record no. 13612)
[ view plain ]
| 000 -LEADER | |
|---|---|
| fixed length control field | 00513nam a22001457a 4500 |
| 082 ## - DEWEY DECIMAL CLASSIFICATION NUMBER | |
| Classification number | BEE-4 ARS |
| 100 ## - MAIN ENTRY--PERSONAL NAME | |
| Personal name | Muhammad Arslan |
| 245 ## - TITLE STATEMENT | |
| Title | Solmart: smart load sharing between photovoltaic system and grid supply with battery backup |
| 260 ## - PUBLICATION, DISTRIBUTION, ETC. | |
| Place of publication, distribution, etc. | Islamabad |
| Name of publisher, distributor, etc. | NUST-SEECS |
| Date of publication, distribution, etc. | 2016 |
| 300 ## - PHYSICAL DESCRIPTION | |
| Extent | 54p. |
| Other physical details | 27cm. |
| Accompanying material | CD ROM Include |
| 500 ## - GENERAL NOTE | |
| General note | Supervisors: Dr Salman Abdul Ghafoor, Mr. Ahsan Azhar |
| 700 ## - ADDED ENTRY--PERSONAL NAME | |
| Personal name | Chaudhary Adil Ali |
| 9 (RLIN) | 92425 |
| 856 ## - ELECTRONIC LOCATION AND ACCESS | |
| Uniform Resource Identifier | <a href="http://10.250.8.41:8080/xmlui/handle/123456789/9770">http://10.250.8.41:8080/xmlui/handle/123456789/9770</a> |
| 942 ## - ADDED ENTRY ELEMENTS (KOHA) | |
| Koha item type | Project Report |
| Source of classification or shelving scheme | |
| Withdrawn status | Lost status | Damaged status | Not for loan | Collection code | Permanent Location | Current Location | Shelving location | Date acquired | Source of acquisition | Total Checkouts | Full call number | Barcode | Date last seen | Date last checked out | Price effective from | Koha item type |
|---|---|---|---|---|---|---|---|---|---|---|---|---|---|---|---|---|
| WITHDRAWN | Central Library (CL) | Central Library (CL) | General Stacks | 07/22/2016 | NUST-SEECS | 1 | BEE-4 ARS | SEECSP01881 | 09/01/2016 | 09/01/2016 | 01/05/2017 | Project Report |
